00995nam a2200205 i 4500001000700000003000900007005001700016008004100033080006600074100002800140245011100168260003300279300004000312490009500352490007200447600008200519830009500601830007200696852002100768185401ES-MaACL20231204184350.0160531s1947 sp cf |||| |bspa d a929 Vega de Armijo. Antonio Aguilar y Correa. Marqués de la1 aNaveros, José Miguel.13aEl marqués de la Vega de Armijo b: 56 años de política liberal /cpor José Miguel Naveros Burgos. aMadrid : bPurcalla, c1947. a185 p., [5] h. de lám. ; c21 cm.1 aMedio siglo de historia. aLos presidentes del Consejo de la Monarquía, 1874-1931 ; v131 aLos presidentes del Consejo de la Monarquía Española, 1874-193117aAguilar y Correa, Antonio,cMarqués de la Vega de Armijo,d1824-19082embne0 aMedio siglo de historia. aLos presidentes del Consejo de la Monarquía, 1874-1931 ; v130 aLos presidentes del Consejo de la Monarquía Española, 1874-1931 aES-MaACLjE-4335